Normal view MARC view

Entry Personal Name

Number of records used in: 1

001 - CONTROL NUMBER

  • control field: 556124

003 - CONTROL NUMBER IDENTIFIER

  • control field: OSt

005 - DATE AND TIME OF LATEST TRANSACTION

  • control field: 20220930094724.0

008 - FIXED-LENGTH DATA ELEMENTS

  • fixed length control field: 220930|| aca||aabn | a|a d

040 ## - CATALOGING SOURCE

  • Original cataloging agency: OSt
  • Transcribing agency: OSt

100 ## - HEADING--PERSONAL NAME

  • Personal name: दिल्ली विश्वविद्यालय. कला संकाय. राजनीति विज्ञान विभाग

670 ## - SOURCE DATA FOUND

  • Source citation: Work cat.: (OSt)887559: मीना, उत्तर प्रदेश विधानसभा में दलित विधायकों का अध्ययन 1997-2002, 2011
Copyright @ Delhi University Library System